The building regulations 1976 (Record no. 107079)
[ view plain ]
| 000 -LEADER | |
|---|---|
| fixed length control field | 01085cam a22002295a 4500 |
| 001 - CONTROL NUMBER | |
| control field | L138248 |
| 008 - FIXED-LENGTH DATA ELEMENTS--GENERAL INFORMATION | |
| fixed length control field | 070524s1976 xxk f g f000 0 eng d |
| 020 ## - INTERNATIONAL STANDARD BOOK NUMBER | |
| International Standard Book Number | 0110616766 |
| 035 ## - SYSTEM CONTROL NUMBER | |
| System control number | (Sirsi) u138248 |
| 041 0# - LANGUAGE CODE | |
| Language code of text/sound track or separate title | eng |
| 050 04 - LIBRARY OF CONGRESS CALL NUMBER | |
| Classification number | 692.2 $2 18 |
| 110 1# - MAIN ENTRY--CORPORATE NAME | |
| Corporate name or jurisdiction name as entry element | United Kingdom |
| Form subheading | Laws, etc |
| 9 (RLIN) | 5044 |
| 245 04 - TITLE STATEMENT | |
| Title | The building regulations 1976 |
| 260 ## - PUBLICATION, DISTRIBUTION, ETC. | |
| Place of publication, distribution, etc. | London |
| Name of publisher, distributor, etc. | HMSO |
| Date of publication, distribution, etc. | 1976 |
| 300 ## - PHYSICAL DESCRIPTION | |
| Extent | 308p. |
| Dimensions | 25cm. |
| 490 #0 - SERIES STATEMENT | |
| Series statement | Statutory Instruments |
| Volume/sequential designation | 2007: 1676 |
| 520 ## - SUMMARY, ETC. | |
| Summary, etc. | Came into force 31 January 2007. These regulations affect the erection of buildings, alterations and extensions, works and fittings and change of use. They contain procedures for filing plans, notice of commencement and detailing materials suitability of building materials. Regulations apply to site preparation, structural stability, fire safety, thermal and sound insulation, internal constructions, refuse disposal, ventilation and room height, and fireplace-related affects. |
| 650 24 - SUBJECT ADDED ENTRY--TOPICAL TERM | |
| Topical term or geographic name entry element | BUILDING REGULATIONS 1976 |
| 651 #4 - SUBJECT ADDED ENTRY--GEOGRAPHIC NAME | |
| Geographic name | England and Wales |
| Chronological subdivision | 1543- |
| 690 ## - LOCAL SUBJECT ADDED ENTRY--TOPICAL TERM (OCLC, RLIN) | |
| Topical term or geographic name as entry element | Building regulations |
| 9 (RLIN) | 6224 |
| 942 ## - ADDED ENTRY ELEMENTS (KOHA) | |
| Suppress in OPAC | 0 |
| Withdrawn status | Lost status | Source of classification or shelving scheme | Damaged status | Not for loan | Home library | Current library | Shelving location | Date acquired | Total Checkouts | Full call number | Barcode | Date last seen | Date last checked out | Copy number | Price effective from | Koha item type |
|---|---|---|---|---|---|---|---|---|---|---|---|---|---|---|---|---|
| Dewey Decimal Classification | London | London | Basement | 24/05/2007 | 4 | BASEMENT | 30071985 | 06/08/2019 | 17/06/2009 | 1 | 06/08/2019 | Book |